000 00701nam a22002057a 4500
999 _c11516
_d11516
003 AR-CdUCM
008 190404b ||||| |||| 00| 0 spa d
040 _aMUNICIPALIDAD PROVINCIAL DEL CUSCO
_cBIBLIOTECA MUNICIPAL DEL CUSCO
082 _a869.56 / 1940 /
_bG26
100 _aGarrido Malaver, Julio
_92596
245 _aVida de pueblo /
260 _aLima :
_bEdiciones celendinas,
_c1940.
300 _a88 y XX páginas ;
_c15 cm.
505 _aContenido: Mi ofrenda - Javier Tavera -- Héctor Pereyra -- Melchora Pelaez -- Así sencillamente es mi tierra...
650 _aPoesía peruana
_9806
650 _aBendiciones
_94946
650 _aSiglo XX
_98
942 _2ddc
_cLIBROS
945 _adavv